| 000 | 00525cam a2200193 a 4500 | ||
|---|---|---|---|
| 020 | _a0849365244 | ||
| 040 | _cDLC | ||
| 082 | 0 | 0 |
_a616 CRC 1984 A045 Or. _a616.99/4071 |
| 245 | 0 | 0 | _aCellular responses to tumor promoters / |
| 260 |
_aBoca Raton, Fla. : _bCRC Press, _c1984. |
||
| 300 |
_a154 p. : _bill. ; _c27 cm. |
||
| 650 | 0 | _aCocarcinogens. | |
| 650 | 0 | _aCell culture. | |
| 650 | 2 | _aCocarcinogenesis. | |
| 650 | 2 | _aNeoplasms | |
| 650 | 2 | _aCell transformation, Neoplastic | |
| 700 | 1 | _aSlaga, Thomas J. | |
| 942 | _cEK | ||
| 999 |
_c13290 _d13290 |
||